২৪ এর গনাঅভ্যুথান : (Record no. 112132)
[ view plain ]
| 000 -LEADER | |
|---|---|
| fixed length control field | 00905nam a22001817a 4500 |
| 003 - CONTROL NUMBER IDENTIFIER | |
| control field | BD-ChCU |
| 005 - DATE AND TIME OF LATEST TRANSACTION | |
| control field | 20260408094249.0 |
| 008 - FIXED-LENGTH DATA ELEMENTS--GENERAL INFORMATION | |
| fixed length control field | 260408b bg ||||| |||| 00| 0 ben d |
| 020 ## - INTERNATIONAL STANDARD BOOK NUMBER | |
| International Standard Book Number | 9789849495922 |
| 040 ## - CATALOGING SOURCE | |
| Transcribing agency | BD-ChCU |
| 082 ## - DEWEY DECIMAL CLASSIFICATION NUMBER | |
| Edition number | 22 |
| Classification number | ৩৭১.৮১০৯৫৪৯২ আব ২ চ |
| 100 ## - MAIN ENTRY--PERSONAL NAME | |
| Personal name | আবদুল্লাহ ,আল মাসউদ |
| 9 (RLIN) | 21338 |
| 245 ## - TITLE STATEMENT | |
| Title | ২৪ এর গনাঅভ্যুথান : |
| Remainder of title | স্মৃতিচারন ও ইতিহাস / |
| Statement of responsibility, etc. | আল মাসউদ আবদুল্লাহ |
| 260 ## - PUBLICATION, DISTRIBUTION, ETC. | |
| Place of publication, distribution, etc. | ঢাকা : |
| Name of publisher, distributor, etc. | রাহনুমা প্রকাশনী , |
| Date of publication, distribution, etc. | ২০২৪ |
| 300 ## - PHYSICAL DESCRIPTION | |
| Extent | ২২৩ পৃ: |
| Dimensions | ২২সেমি . |
| 650 #0 - SUBJECT ADDED ENTRY--TOPICAL TERM | |
| Topical term or geographic name entry element | ছাত্র আন্দোলন জুলাই গনঅভ্যুথান বাংলাদেশ জুলাই গনঅভ্যুথান |
| 9 (RLIN) | 21342 |
| 942 ## - ADDED ENTRY ELEMENTS (KOHA) | |
| Source of classification or shelving scheme | Dewey Decimal Classification |
| Koha item type | Books |
| Suppress in OPAC | No |
| Withdrawn status | Lost status | Source of classification or shelving scheme | Damaged status | Not for loan | Home library | Current library | Shelving location | Date acquired | Source of acquisition | Total Checkouts | Full call number | Barcode | Date last seen | Copy number | Price effective from | Koha item type |
|---|---|---|---|---|---|---|---|---|---|---|---|---|---|---|---|---|
| Dewey Decimal Classification | Chittagong University Library | Chittagong University Library | Arts and Humanities Reading Room | 04/08/2026 | ক্রয়কৃত | ৩৭১.৮১০৯৫৪৯২ আব ২ চ | 334613 | 04/08/2026 | ক-১ | 04/08/2026 | Books | |||||
| Dewey Decimal Classification | Chittagong University Library | Chittagong University Library | Arts and Humanities Reading Room | 04/08/2026 | ক্রয়কৃত | ৩৭১.৮১০৯৫৪৯২ আব ২ চ | 334614 | 04/08/2026 | ক-২ | 04/08/2026 | Books |